000 00300nam a2200121Ia 4500
008 191201s2006 xx 000 0 und d
100 _aWILLIS, Thearon
245 0 _aBeginning VB Net 2003
260 _aN.Delhi
_bWiley Dreautech India
_c2006
300 _a820
650 _aB.Tech(IT)
942 _2ddc
_cBK
999 _c3111
_d3111